00281nam a2200109Ia 4500008004100000082002100041100001700062245004000079250000800119260002500127650001900152150201s2014 xx 000 0 und d a616.0707bS2012R aRAJENDRAN ,R aSHAFERS TEXT BOOK OF ORAL PATHOLOGY a7TH bELSEVIER PUBLICATION aORAL PATHOLOGY